[Event "Grunwald Cup 20th blind"]
[Site "Dadaj"]
[Date "2005.09.17"]
[Round "9"]
[White "Krylov, Sergey"]
[Black "Tatarczak, Jan"]
[Result "1-0"]
[WhiteElo "2389"]
[BlackElo "2130"]
[PlyCount "37"]
[EventDate "2005.09.09"]
[EventType "swiss"]
[EventRounds "9"]
[EventCountry "POL"]
[SourceTitle "EXT 2006"]
[Source "ChessBase"]
[SourceDate "2005.11.24"]
[SourceVersion "1"]
[SourceVersionDate "2005.11.24"]
[SourceQuality "1"]

1. e4 Nf6 2. e5 Nd5 3. d4 d6 4. Nf3 Bg4 5. Be2 e6 6. c4 Nb6 7. h3 Bxf3 8. Bxf3 c6 9. Qb3 dxe5 10. c5 exd4 11. cxb6 Qxb6 12. Qc2 Qc5 13. Qd1 Qe5+ 14. Kf1 Nd7 15. g3 Qf6 16. Kg2 Ne5 17. Be4 Bc5 18. a4 Nd7 19. a5 1-0

[Event "Grunwald Cup 20th blind"]
[Site "Dadaj"]
[Date "2005.09.15"]
[Round "7"]
[White "Tatarczak, Jan"]
[Black "Zsiltzova Lisenko, Lubov"]
[Result "0-1"]
[WhiteElo "2130"]
[BlackElo "2236"]
[PlyCount "108"]
[EventDate "2005.09.09"]
[EventType "swiss"]
[EventRounds "9"]
[EventCountry "POL"]
[SourceTitle "EXT 2006"]
[Source "ChessBase"]
[SourceDate "2005.11.24"]
[SourceVersion "1"]
[SourceVersionDate "2005.11.24"]
[SourceQuality "1"]

1. c4 c5 2. Nc3 Nc6 3. g3 g6 4. Bg2 Bg7 5. Nf3 Nf6 6. 0-0 0-0 7. d4 Nxd4 8. Nxd4 cxd4 9. Qxd4 d6 10. Qd3 Qa5 11. Bd2 Qh5 12. h4 h6 13. Bf3 Bg4 14. Kg2 Rac8 15. b3 Bxf3+ 16. Qxf3 Qxf3+ 17. Kxf3 e6 18. Nb5 d5 19. Bb4 Rfd8 20. Be7 Rd7 21. Bxf6 Bxf6 22. Rad1 a6 23. Na3 d4 24. Rd3 e5 25. Rfd1 Be7 26. Nc2 f5 27. Kg2 b5 28. f4 bxc4 29. bxc4 Rxc4 30. Ne3 Ra4 31. fxe5 Bc5 32. Rc1 Ba7 33. Rc8+ Kf7 34. Kf3 Rxa2 35. Ng2 Re7 36. Nf4 Rxe5 37. Rc7+ Re7 38. Rxe7+ Kxe7 39. Nxg6+ Kf6 40. Nf4 a5 41. Rb3 a4 42. Rb7 Bc5 43. Rh7 a3 44. Rxh6+ Kf7 45. Ra6 Ra1 46. Nd3 a2 47. Kg2 Bf8 48. h5 Ke8 49. Kh2 Kd8 50. Nf4 Kc8 51. Ra4 Bh6 52. Nd3 Be3 53. Rc4+ Kb8 54. Rc2 Rh1+ 0-1

[Event "POL-ch blind 34th "]
[Site "Krynica"]
[Date "2005.06.02"]
[Round "7"]
[White "Tatarczak, Jan"]
[Black "Dukaczewski, Piotr"]
[Result "0-1"]
[WhiteElo "2141"]
[BlackElo "2347"]
[PlyCount "80"]
[EventDate "2005.05.27"]
[EventType "tourn"]
[EventRounds "13"]
[EventCountry "POL"]
[SourceTitle "EXT 2018"]
[Source "ChessBase"]
[SourceDate "2017.10.13"]
[SourceVersion "1"]
[SourceVersionDate "2017.10.13"]
[SourceQuality "1"]

1. c4 g6 2. Nc3 Bg7 3. g3 d6 4. d4 Nf6 5. Bg2 0-0 6. Nf3 a6 7. 0-0 Nc6 8. h3 Rb8 9. e4 Bd7 10. Be3 b5 11. d5 Ne5 12. cxb5 axb5 13. b4 Nc4 14. Bd4 c5 15. dxc6 Bxc6 16. Re1 e5 17. Be3 Bxe4 18. Bg5 Bc6 19. Nh2 Bxg2 20. Kxg2 h6 21. Bxf6 Qxf6 22. Qd5 e4 23. Rac1 Qf5 24. Qxe4 Qxe4+ 25. Rxe4 Bxc3 26. Rxc3 d5 27. Rd4 Rfd8 28. Rcd3 Nb6 29. Ng4 Kg7 30. Ne3 Rd7 31. Rc3 Nc4 32. Nxc4 bxc4 33. Rcxc4 dxc4 34. Rxd7 Rxb4 35. Rc7 Ra4 36. Rc6 h5 37. h4 Kf8 38. Rc7 Ke8 39. Kf1 Kd8 40. Rxf7 Rxa2 0-1

[Event "POL-ch blind 34th "]
[Site "Krynica"]
[Date "2005.05.31"]
[Round "5"]
[White "Tatarczak, Jan"]
[Black "Gosek, Zenon"]
[Result "1/2-1/2"]
[WhiteElo "2141"]
[BlackElo "2108"]
[PlyCount "25"]
[EventDate "2005.05.27"]
[EventType "tourn"]
[EventRounds "13"]
[EventCountry "POL"]
[SourceTitle "EXT 2018"]
[Source "ChessBase"]
[SourceDate "2017.10.13"]
[SourceVersion "1"]
[SourceVersionDate "2017.10.13"]
[SourceQuality "1"]

1. Nf3 Nf6 2. c4 g6 3. g3 Bg7 4. Bg2 d6 5. d4 0-0 6. 0-0 Nc6 7. Nc3 Nh5 8. d5 Na5 9. Qd3 c5 10. e4 a6 11. Nd2 Rb8 12. a4 Bg4 13. f4 1/2-1/2

[Event "POL-ch blind 34th "]
[Site "Krynica"]
[Date "2005.05.29"]
[Round "3"]
[White "Tatarczak, Jan"]
[Black "Migala, Andrzej"]
[Result "1/2-1/2"]
[WhiteElo "2141"]
[BlackElo "2174"]
[PlyCount "29"]
[EventDate "2005.05.27"]
[EventType "tourn"]
[EventRounds "13"]
[EventCountry "POL"]
[SourceTitle "EXT 2018"]
[Source "ChessBase"]
[SourceDate "2017.10.13"]
[SourceVersion "1"]
[SourceVersionDate "2017.10.13"]
[SourceQuality "1"]

1. Nf3 d5 2. c4 c6 3. b3 Bg4 4. Ne5 Bh5 5. cxd5 cxd5 6. g4 Bg6 7. d3 Nd7 8. Bb2 Nxe5 9. Bxe5 e6 10. e3 Rc8 11. Be2 f6 12. Bg3 Qa5+ 13. Kf1 Ne7 14. h4 h6 15. Kg2 1/2-1/2

[Event "POL-ch blind 32nd"]
[Site "Polanica Zdroj"]
[Date "2003.05.12"]
[Round "9"]
[White "Zoltek, Tadeusz"]
[Black "Tatarczak, Jan"]
[Result "1/2-1/2"]
[WhiteElo "2308"]
[BlackElo "2136"]
[PlyCount "101"]
[EventDate "2003.05.05"]
[EventType "tourn"]
[EventRounds "13"]
[EventCountry "POL"]
[SourceTitle "EXT 2019"]
[Source "ChessBase"]
[SourceDate "2018.10.10"]
[SourceVersion "1"]
[SourceVersionDate "2018.10.10"]
[SourceQuality "1"]

1. Nf3 Nf6 2. c4 g6 3. b3 Bg7 4. Bb2 0-0 5. e3 c6 6. Be2 d6 7. 0-0 Bg4 8. d3 a5 9. Nbd2 Na6 10. h3 Bxf3 11. Nxf3 e5 12. a3 Re8 13. Rb1 Nd7 14. Qc2 f5 15. Bc3 Nc7 16. Nh2 Ne6 17. b4 axb4 18. axb4 f4 19. Bg4 Ndf8 20. b5 h5 21. Bxe6+ Nxe6 22. bxc6 bxc6 23. d4 exd4 24. exd4 Qf6 25. Rb3 d5 26. Nf3 dxc4 27. Rb4 c5 28. Rxc4 cxd4 29. Nxd4 Qf7 30. Nxe6 Rxe6 31. Bxg7 Kxg7 32. Qb2+ Kg8 33. Rfc1 Rae8 34. Qd2 Re1+ 35. Kh2 Rxc1 36. Qxc1 Rf8 37. Rc7 Qf6 38. Qc2 Qf5 39. Qc4+ Rf7 40. Rc5 Qf6 41. Rc6 Qf5 42. Rc5 Qf6 43. Qc2 Kg7 44. Rc6 Qf5 45. Qc3+ Kg8 46. h4 Kh7 47. Qd4 Qg4 48. Qd8 Qd7 49. Qxd7 Rxd7 50. Rc4 Rf7 51. Kg1 1/2-1/2

[Event "POL-ch blind 31st"]
[Site "Polanica Zdroj"]
[Date "2002.05.11"]
[Round "5"]
[White "Tatarczak, Jan"]
[Black "Suder, Ryszard"]
[Result "1/2-1/2"]
[WhiteElo "2065"]
[BlackElo "2248"]
[PlyCount "58"]
[EventDate "2002.05.07"]
[EventType "tourn"]
[EventRounds "13"]
[EventCountry "POL"]
[SourceTitle "EXT 2019"]
[Source "ChessBase"]
[SourceDate "2018.10.10"]
[SourceVersion "1"]
[SourceVersionDate "2018.10.10"]
[SourceQuality "1"]

1. Nf3 Nf6 2. c4 c6 3. Nc3 d5 4. cxd5 cxd5 5. e3 Nc6 6. Bb5 e6 7. Ne5 Qc7 8. f4 Be7 9. 0-0 0-0 10. d4 Bd7 11. Nxd7 Qxd7 12. a3 Ne8 13. Kh1 f5 14. g4 Nd6 15. Bd3 g6 16. Bd2 Rac8 17. g5 Ne4 18. Nxe4 fxe4 19. Be2 Bd6 20. Qa4 a6 21. Rac1 Rc7 22. Kg2 Rfc8 23. Bg4 Kf7 24. h4 Ne7 25. Qxd7 Rxd7 26. Rxc8 Nxc8 27. h5 Ne7 28. hxg6+ hxg6 29. Rh1 Nf5 1/2-1/2

[Event "POL-ch blind 31st"]
[Site "Polanica Zdroj"]
[Date "2002.05.09"]
[Round "3"]
[White "Tatarczak, Jan"]
[Black "Kulpinski, Piotr"]
[Result "1-0"]
[WhiteElo "2065"]
[BlackElo "2076"]
[PlyCount "47"]
[EventDate "2002.05.07"]
[EventType "tourn"]
[EventRounds "13"]
[EventCountry "POL"]
[SourceTitle "EXT 2019"]
[Source "ChessBase"]
[SourceDate "2018.10.10"]
[SourceVersion "1"]
[SourceVersionDate "2018.10.10"]
[SourceQuality "1"]

1. e4 e5 2. Nf3 Nf6 3. Nxe5 d6 4. Nf3 Nxe4 5. d4 d5 6. Bd3 Nc6 7. 0-0 Be7 8. c4 Nb4 9. cxd5 Nxd3 10. Qxd3 Qxd5 11. Re1 Bf5 12. Nc3 Nxc3 13. Qxc3 Qd6 14. Bg5 f6 15. Bh4 Kf7 16. Bg3 Qd7 17. Rac1 c6 18. Re3 Rhe8 19. Rce1 Bf8 20. Qb3+ Qd5 21. Qxb7+ Qd7 22. Qb3+ Qd5 23. Rxe8 Qxb3 24. Rxf8+ 1-0

[Event "POL-ch blind 30th"]
[Site "Zakopane"]
[Date "2001.06.01"]
[Round "13"]
[White "Tatarczak, Jan"]
[Black "Staruch, Roman"]
[Result "1-0"]
[WhiteElo "2065"]
[BlackElo "2016"]
[PlyCount "71"]
[EventDate "2001.05.20"]
[EventType "tourn"]
[EventRounds "13"]
[EventCountry "POL"]
[SourceTitle "EXT 2019"]
[Source "ChessBase"]
[SourceDate "2018.10.10"]
[SourceVersion "1"]
[SourceVersionDate "2018.10.10"]
[SourceQuality "1"]

1. Nf3 Nf6 2. g3 d5 3. Bg2 c5 4. 0-0 e6 5. d3 Nc6 6. Nbd2 Be7 7. e4 0-0 8. Re1 b5 9. e5 Nd7 10. Nf1 Qc7 11. Bf4 Bb7 12. h4 c4 13. d4 b4 14. N1h2 Rfc8 15. h5 a5 16. h6 g6 17. c3 a4 18. a3 bxc3 19. bxc3 Na5 20. Bg5 Bf8 21. Ng4 Nb3 22. Ra2 Bc6 23. Qe2 Ra7 24. Qe3 Rb7 25. Bh4 Nb8 26. Bh3 Rb5 27. Qf4 Be8 28. Ng5 Nd7 29. Kg2 Rcb8 30. Rh1 Na5 31. Nf6+ Nxf6 32. Qxf6 Bxh6 33. Nxh7 Kxh7 34. Bg5 Bg7 35. Bg4+ Kg8 36. Qxg7+ 1-0

[Event "POL-ch blind 30th"]
[Site "Zakopane"]
[Date "2001.05.30"]
[Round "11"]
[White "Tatarczak, Jan"]
[Black "Dukaczewski, Piotr"]
[Result "0-1"]
[WhiteElo "2065"]
[BlackElo "2337"]
[PlyCount "110"]
[EventDate "2001.05.20"]
[EventType "tourn"]
[EventRounds "13"]
[EventCountry "POL"]
[SourceTitle "EXT 2019"]
[Source "ChessBase"]
[SourceDate "2018.10.10"]
[SourceVersion "1"]
[SourceVersionDate "2018.10.10"]
[SourceQuality "1"]

1. e4 c5 2. Nc3 Nc6 3. g3 g6 4. Bg2 Bg7 5. d3 d6 6. Be3 Rb8 7. Qd2 b5 8. h4 b4 9. Nd1 h5 10. Ne2 Nd4 11. c3 Nxe2 12. Qxe2 bxc3 13. bxc3 Nf6 14. 0-0 Ng4 15. Bf4 Ba6 16. Rc1 Ne5 17. Bxe5 Bxe5 18. f4 Bg7 19. Kh2 0-0 20. Rc2 e6 21. c4 Qa5 22. Nf2 Rb4 23. Nh3 Rfb8 24. f5 Rb2 25. fxg6 fxg6 26. Rxb2 Rxb2 27. Qf3 Qc7 28. Rf2 Rxf2 29. Qxf2 Bc8 30. Ng5 Qe7 31. Qc2 Bf6 32. Nf3 Kg7 33. Bh3 Qc7 34. Qd2 Qb7 35. Qc2 Qb2 36. Qxb2 Bxb2 37. Ng5 Kf6 38. Kg2 Bd7 39. Kf2 Bd4+ 40. Ke2 Be5 41. Kf2 Bb2 42. Ke2 Bc1 43. Nf3 a5 44. Kd1 Bb2 45. Kc2 Ba3 46. Kb3 Bc1 47. g4 Bc6 48. g5+ Ke7 49. Ng1 Be3 50. Nf3 Bf4 51. Kc3 d5 52. exd5 exd5 53. d4 dxc4 54. Ne5 cxd4+ 55. Kxd4 Bxe5+ 0-1

[Event "POL-ch blind 30th"]
[Site "Zakopane"]
[Date "2001.05.22"]
[Round "3"]
[White "Tatarczak, Jan"]
[Black "Wojcieszyn, Zdzislaw"]
[Result "1/2-1/2"]
[WhiteElo "2065"]
[BlackElo "2152"]
[PlyCount "22"]
[EventDate "2001.05.20"]
[EventType "tourn"]
[EventRounds "13"]
[EventCountry "POL"]
[SourceTitle "EXT 2019"]
[Source "ChessBase"]
[SourceDate "2018.10.10"]
[SourceVersion "1"]
[SourceVersionDate "2018.10.10"]
[SourceQuality "1"]

1. Nf3 Nf6 2. c4 c5 3. Nc3 Nc6 4. g3 g6 5. Bg2 Bg7 6. d3 0-0 7. Bd2 d6 8. Qc1 Re8 9. Rb1 Bd7 10. 0-0 Qc8 11. a3 Bh3 1/2-1/2

[Event "POL-ch blind 30th"]
[Site "Zakopane"]
[Date "2001.05.21"]
[Round "2"]
[White "Kulpinski, Piotr"]
[Black "Tatarczak, Jan"]
[Result "1/2-1/2"]
[WhiteElo "2076"]
[BlackElo "2065"]
[PlyCount "38"]
[EventDate "2001.05.20"]
[EventType "tourn"]
[EventRounds "13"]
[EventCountry "POL"]
[SourceTitle "EXT 2019"]
[Source "ChessBase"]
[SourceDate "2018.10.10"]
[SourceVersion "1"]
[SourceVersionDate "2018.10.10"]
[SourceQuality "1"]

1. Nf3 g6 2. d4 Bg7 3. c4 Nf6 4. Nc3 d5 5. cxd5 Nxd5 6. e4 Nxc3 7. bxc3 c5 8. Bc4 0-0 9. 0-0 Nc6 10. Be3 cxd4 11. cxd4 Bg4 12. Rb1 Bxd4 13. Bxd4 Bxf3 14. Qxf3 Nxd4 15. Qe3 Rc8 16. Bd5 e5 17. Rxb7 Qh4 18. f4 Rc3 19. Qf2 Qxf2+ 1/2-1/2

[Event "IBCA-ol blind 11th"]
[Site "Zakopane"]
[Date "2000.09.05"]
[Round "7.1"]
[White "Tatarczak, Jan"]
[Black "Bjerring, Kai"]
[Result "0-1"]
[WhiteElo "2080"]
[BlackElo "2275"]
[PlyCount "127"]
[EventDate "2000.08.28"]
[EventType "team-swiss"]
[EventRounds "9"]
[EventCountry "POL"]
[SourceTitle "EXT 2010"]
[Source "ChessBase"]
[SourceDate "2010.11.25"]
[SourceVersion "1"]
[SourceVersionDate "2010.11.25"]
[SourceQuality "1"]
[WhiteTeam "Poland (blind) II"]
[BlackTeam "Denmark (blind)"]
[WhiteTeamCountry "POL"]
[BlackTeamCountry "DEN"]

1. e4 c5 2. Nc3 Nc6 3. g3 g6 4. Bg2 Bg7 5. d3 d6 6. Nge2 e6 7. Be3 Nd4 8. Qd2 Ne7 9. Nd1 Nxe2 10. Qxe2 b6 11. Qd2 h5 12. h4 d5 13. exd5 Bb7 14. c4 exd5 15. Bg5 Qd7 16. 0-0 f6 17. Bf4 Rd8 18. Qe2 0-0 19. Nc3 Rfe8 20. Qd1 dxc4 21. dxc4 Bxg2 22. Qxd7 Rxd7 23. Kxg2 f5 24. Rad1 Rxd1 25. Nxd1 Nc6 26. Be3 Nb4 27. a3 Nd3 28. b3 a5 29. Kf3 a4 30. bxa4 Ne5+ 31. Kg2 Nxc4 32. a5 Nxa5 33. Bf4 Nc4 34. Ne3 Nxa3 35. Bc7 b5 36. Rd1 Bd4 37. Nd5 Kf7 38. Rd3 Nc2 39. Rd2 Ne1+ 40. Kf1 Nf3 41. Ra2 b4 42. Bb6 b3 43. Ra7+ Kg8 44. Bxc5 Bg7 45. Rb7 b2 46. Kg2 Re1 47. Be3 b1Q 48. Rxb1 Nxh4+ 49. gxh4 Rxb1 50. Nf4 Kh7 51. Ne6 Rb4 52. Kh3 Bf6 53. Bg5 Rb6 54. Nf4 Bxg5 55. hxg5 Rb3+ 56. Kg2 Kg7 57. Nd5 Kf7 58. f3 Rb5 59. Nf4 Rb4 60. Nd5 Rd4 61. Nc3 Ke6 62. Kg3 f4+ 63. Kf2 Kf5 64. Nb5 0-1

[Event "IBCA-ol blind 11th"]
[Site "Zakopane"]
[Date "2000.09.01"]
[Round "4.1"]
[White "Tatarczak, Jan"]
[Black "Smirnovas, Jevgenijus"]
[Result "1-0"]
[WhiteElo "2080"]
[BlackElo "2140"]
[PlyCount "143"]
[EventDate "2000.08.28"]
[EventType "team-swiss"]
[EventRounds "9"]
[EventCountry "POL"]
[SourceTitle "EXT 2010"]
[Source "ChessBase"]
[SourceDate "2010.11.25"]
[SourceVersion "1"]
[SourceVersionDate "2010.11.25"]
[SourceQuality "1"]
[WhiteTeam "Poland (blind) II"]
[BlackTeam "Lithuania (blind)"]
[WhiteTeamCountry "POL"]
[BlackTeamCountry "LTU"]

1. e4 c5 2. Nf3 e6 3. d4 cxd4 4. Nxd4 Qb6 5. Nb3 Qc7 6. Nc3 a6 7. Be2 Nc6 8. 0-0 Nf6 9. Be3 d6 10. f4 Be7 11. Bf3 0-0 12. Qd2 Nd7 13. Qf2 b5 14. Rad1 Bb7 15. g4 Rac8 16. g5 Na5 17. Nxa5 Qxa5 18. a3 Qc7 19. Rd2 Nc5 20. h4 Nd7 21. Rfd1 Bc6 22. Ne2 Qb7 23. Ng3 f5 24. Qg2 fxe4 25. Bxe4 d5 26. Bf3 Bc5 27. Bxc5 Nxc5 28. Rd4 g6 29. Bg4 Rce8 30. Qe2 Ne4 31. Nxe4 dxe4 32. Qe3 Qc7 33. Rf1 Bd5 34. c3 Rf7 35. Kg2 e5 36. fxe5 Rxf1 37. Kxf1 Rxe5 38. Ke1 Qc6 39. Qf4 Re8 40. h5 e3 41. h6 e2 42. Qf6 Qxf6 43. gxf6 Bc4 44. Rd7 Re4 45. Bf3 Rf4 46. Bd5+ Bxd5 47. Rxd5 Rxf6 48. Rd8+ Kf7 49. Rd7+ Ke6 50. Rxh7 Rf1+ 51. Kxe2 Rh1 52. Rh8 Kf7 53. Kf3 Rh5 54. Kg3 Rh1 55. Ra8 Rxh6 56. Rxa6 Rh5 57. a4 bxa4 58. Rxa4 Rb5 59. b4 Rd5 60. Kf4 Rd3 61. Ra7+ Ke6 62. Rc7 Kd6 63. Rc8 Kd7 64. Rc4 Rh3 65. Kg5 Rg3+ 66. Kf6 g5 67. Kf5 Rg1 68. b5 Rb1 69. Rc5 Rg1 70. c4 g4 71. Kf4 g3 72. Kf3 1-0

[Event "IBCA Champions 1st"]
[Site "Benasque"]
[Date "2000.07.10"]
[Round "5"]
[White "Palacios Perez, Manuel"]
[Black "Tatarczak, Jan"]
[Result "1-0"]
[WhiteElo "2145"]
[BlackElo "2080"]
[PlyCount "71"]
[EventDate "2000.07.06"]
[EventType "tourn"]
[EventRounds "9"]
[EventCountry "ESP"]
[SourceTitle "EXT 2007"]
[Source "ChessBase"]
[SourceDate "2006.11.23"]
[SourceVersion "1"]
[SourceVersionDate "2006.11.23"]
[SourceQuality "1"]

1. d4 Nf6 2. c4 c5 3. d5 e6 4. Nc3 exd5 5. cxd5 d6 6. e4 g6 7. Bd3 Bg7 8. Nge2 0-0 9. 0-0 a6 10. a4 Qc7 11. h3 Nbd7 12. Ng3 Rb8 13. Be3 c4 14. Bc2 Nc5 15. f4 b5 16. axb5 axb5 17. e5 Nfd7 18. e6 fxe6 19. dxe6 Nf6 20. f5 gxf5 21. Nxf5 Bxe6 22. Nxg7 Kxg7 23. Bd4 b4 24. Qh5 Kg8 25. Bxf6 Rxf6 26. Rxf6 bxc3 27. Bxh7+ Qxh7 28. Rg6+ Kh8 29. Rh6 Bg8 30. Ra7 Rb7 31. Rxb7 Nxb7 32. Qg6 Qxh6 33. Qxh6+ Bh7 34. Qf6+ Kg8 35. bxc3 Bd3 36. Qe6+ 1-0

[Event "IBCA Champions 1st"]
[Site "Benasque"]
[Date "2000.07.08"]
[Round "3"]
[White "Tatarczak, Jan"]
[Black "Dukaczewski, Piotr"]
[Result "0-1"]
[WhiteElo "2080"]
[BlackElo "2270"]
[PlyCount "74"]
[EventDate "2000.07.06"]
[EventType "tourn"]
[EventRounds "9"]
[EventCountry "ESP"]
[SourceTitle "EXT 2007"]
[Source "ChessBase"]
[SourceDate "2006.11.23"]
[SourceVersion "1"]
[SourceVersionDate "2006.11.23"]
[SourceQuality "1"]

1. d4 Nf6 2. c4 c5 3. d5 e6 4. Nc3 exd5 5. cxd5 g6 6. e4 d6 7. f4 Bg7 8. Bb5+ Nfd7 9. Nf3 0-0 10. 0-0 a6 11. Bxd7 Nxd7 12. a4 Re8 13. Re1 Rb8 14. a5 b5 15. axb6 Rxb6 16. Qc2 Qc7 17. Nd1 Qb8 18. Ra3 Nf6 19. h3 Rb4 20. Nf2 Qb6 21. Rae3 Bd7 22. g4 Ba4 23. Qd2 Nd7 24. e5 Rxf4 25. exd6 Rf8 26. Kg2 Rc4 27. Re8 Qxd6 28. Ne4 Qb6 29. Rxf8+ Nxf8 30. Qf4 Rc2+ 31. Kg3 Bb3 32. d6 Ne6 33. Qe3 f5 34. gxf5 gxf5 35. Qd3 fxe4 36. Qxe4 Qxd6+ 37. Kg4 Rc4 0-1

[Event "POL-ch blind 29th"]
[Site "Zakopane"]
[Date "2000.05.18"]
[Round "11"]
[White "Zoltek, Tadeusz"]
[Black "Tatarczak, Jan"]
[Result "1-0"]
[WhiteElo "2289"]
[BlackElo "2071"]
[PlyCount "93"]
[EventDate "2000.05.08"]
[EventType "tourn"]
[EventRounds "13"]
[EventCountry "POL"]
[SourceTitle "EXT 2019"]
[Source "ChessBase"]
[SourceDate "2018.10.10"]
[SourceVersion "1"]
[SourceVersionDate "2018.10.10"]
[SourceQuality "1"]

1. c4 e5 2. Nc3 Nf6 3. g3 d5 4. cxd5 Nxd5 5. Bg2 Ne7 6. Nf3 Nbc6 7. 0-0 Nf5 8. d3 Be7 9. b3 0-0 10. Bb2 f6 11. Rc1 Kh8 12. Nd2 a5 13. Nd5 Nb4 14. Nxc7 Rb8 15. a3 Bd6 16. Nb5 Na6 17. Nxd6 Nxd6 18. d4 exd4 19. Bxd4 Nb5 20. Bb2 Be6 21. Nc4 Qe7 22. a4 Rfd8 23. Qe1 Nd4 24. Bxd4 Rxd4 25. e3 Rg4 26. Qxa5 Rg5 27. Qb6 h5 28. h4 Rc5 29. Na5 g6 30. Nxb7 Bd5 31. Bxd5 Rxd5 32. Qxa6 Rxb7 33. Rc8+ Kg7 34. Qa8 Qf7 35. Rfc1 Rdd7 36. Rh8 Ra7 37. Qe8 Qxe8 38. Rxe8 Rab7 39. Rc3 Rd1+ 40. Kg2 Rb1 41. Rec8 R1xb3 42. R3c7+ Rxc7 43. Rxc7+ Kh6 44. a5 Ra3 45. Ra7 g5 46. hxg5+ Kxg5 47. Ra8 1-0

[Event "POL-ch blind 29th"]
[Site "Zakopane"]
[Date "2000.05.17"]
[Round "10"]
[White "Tatarczak, Jan"]
[Black "Staruch, Roman"]
[Result "0-1"]
[WhiteElo "2071"]
[BlackElo "2026"]
[PlyCount "78"]
[EventDate "2000.05.08"]
[EventType "tourn"]
[EventRounds "13"]
[EventCountry "POL"]
[SourceTitle "EXT 2019"]
[Source "ChessBase"]
[SourceDate "2018.10.10"]
[SourceVersion "1"]
[SourceVersionDate "2018.10.10"]
[SourceQuality "1"]

1. Nf3 Nf6 2. c4 e6 3. g3 c5 4. Bg2 Nc6 5. 0-0 d5 6. cxd5 exd5 7. d4 Qb6 8. Nbd2 Bf5 9. dxc5 Bxc5 10. Nb3 Be7 11. Be3 Qd8 12. Nfd4 Bd7 13. Rc1 0-0 14. Nc5 Bxc5 15. Rxc5 Qe7 16. Rc1 Ne4 17. Nb3 Be6 18. f3 Nd6 19. Bc5 Rfd8 20. Nd4 Qd7 21. Nxe6 Qxe6 22. e3 Nc4 23. Qe2 b6 24. b3 bxc5 25. bxc4 d4 26. e4 Rab8 27. f4 Rb4 28. e5 Ne7 29. Be4 g6 30. g4 Rdb8 31. Bd3 Nc6 32. Rfe1 Rb2 33. Rc2 Rxc2 34. Bxc2 Rb2 35. h3 Nb4 36. Qe4 Rxc2 37. f5 Qc6 38. e6 Qxe4 39. Rxe4 fxe6 0-1

[Event "POL-ch blind 29th"]
[Site "Zakopane"]
[Date "2000.05.16"]
[Round "9"]
[White "Wolak, Tomasz"]
[Black "Tatarczak, Jan"]
[Result "1-0"]
[WhiteElo "2129"]
[BlackElo "2071"]
[PlyCount "48"]
[EventDate "2000.05.08"]
[EventType "tourn"]
[EventRounds "13"]
[EventCountry "POL"]
[SourceTitle "EXT 2019"]
[Source "ChessBase"]
[SourceDate "2018.10.10"]
[SourceVersion "1"]
[SourceVersionDate "2018.10.10"]
[SourceQuality "1"]

1. e4 c5 2. Nf3 d6 3. d4 cxd4 4. Nxd4 Nf6 5. Nc3 a6 6. Bg5 e6 7. f4 Be7 8. Qf3 Qc7 9. 0-0-0 Nbd7 10. Bd3 b5 11. Rhe1 Bb7 12. Kb1 b4 13. Nce2 Nc5 14. Ng3 h6 15. Bh4 Rc8 16. Bxf6 Bxf6 17. Qe3 Nxd3 18. cxd3 Qc5 19. Nge2 e5 20. Rc1 exd4 21. Qh3 Rc7 22. Rxc5 dxc5 23. g4 Bc8 24. Qg3 Rb7 1-0

[Event "IBCA EU-ch blind 02nd"]
[Site "Krynica"]
[Date "1999.??.??"]
[Round "8"]
[White "Cabarkapa, Milenko"]
[Black "Tatarczak, Jan"]
[Result "1/2-1/2"]
[WhiteElo "2225"]
[BlackElo "2105"]
[PlyCount "77"]
[EventDate "1999.07.04"]
[EventType "swiss"]
[EventRounds "9"]
[EventCountry "POL"]
[SourceTitle "EXT 2000"]
[Source "ChessBase"]
[SourceDate "1999.11.16"]
[SourceVersion "1"]
[SourceVersionDate "1999.11.16"]
[SourceQuality "1"]

1. Nf3 g6 2. c4 Bg7 3. d4 c5 4. Nc3 cxd4 5. Nxd4 Nc6 6. e3 Nf6 7. Be2 0-0 8. 0-0 d6 9. b3 a6 10. Bb2 Bd7 11. Qd2 Rb8 12. Rad1 Kh8 13. Nxc6 Bxc6 14. Nd5 Bxd5 15. cxd5 Nd7 16. Bxg7+ Kxg7 17. Rc1 Qb6 18. Qc3+ Kg8 19. Qc7 Qxc7 20. Rxc7 Rfd8 21. b4 Kf8 22. Rfc1 Nb6 23. e4 Rdc8 24. Bg4 Rxc7 25. Rxc7 f5 26. Bf3 fxe4 27. Bxe4 Rc8 28. Rxc8+ Nxc8 29. Kf1 Kf7 30. Ke2 Kf6 31. f4 b5 32. Kd3 Kf7 33. h4 h6 34. g4 Kf6 35. g5+ hxg5 36. hxg5+ Kf7 37. Bf3 Kg7 38. Bg4 Nb6 39. Be6 1/2-1/2